150 Largest Cities in Russia - Statistics

General Stats
  • This quiz has been taken 71 times
  • The average score is 91 of 150
Answer Stats
City % Correct
Moscow
100%
Saint Petersburg
100%
Yekaterinburg
100%
Chelyabinsk
97%
Nizhny Novgorod
97%
Novosibirsk
97%
Omsk
97%
Rostov-on-Don
97%
Sochi
97%
Ufa
97%
Volgograd
97%
Voronezh
97%
Arkhangelsk
93%
Kazan
93%
Murmansk
93%
Perm
93%
Samara
93%
Saratov
93%
Vladivostok
93%
Grozny
90%
Kursk
90%
Tula
90%
Astrakhan
86%
Ivanovo
86%
Krasnoyarsk
86%
Yaroslavl
86%
Belgorod
83%
Cheboksary
83%
Irkutsk
83%
Kaliningrad
83%
Lipetsk
83%
Ryazan
83%
Smolensk
83%
Ulyanovsk
83%
Bryansk
79%
Izhevsk
79%
Kaluga
79%
Krasnodar
79%
Makhachkala
79%
Orenburg
79%
Penza
79%
Tolyatti
79%
Tomsk
79%
Tver
79%
Tyumen
79%
Ulan-Ude
79%
Vladimir
79%
Chita
76%
Khabarovsk
76%
Kirov
76%
Magnitogorsk
76%
Novokuznetsk
76%
Novorossiysk
76%
Pskov
76%
Saransk
76%
Stavropol
76%
Vladikavkaz
76%
Yakutsk
76%
Barnaul
72%
Nizhny Tagil
72%
Oryol
72%
Petrozavodsk
72%
Yuzhno-Sakhalinsk
72%
Armavir
69%
Bratsk
69%
Cherepovets
69%
Kemerovo
69%
Komsomolsk-on-Amur
69%
Kostroma
69%
Kurgan
69%
Naberezhnye Chelny
69%
Surgut
69%
Taganrog
69%
Tambov
69%
Vologda
69%
Dzerzhinsk
66%
Engels
66%
Nalchik
66%
Orsk
66%
Petropavlovsk-Kamchatsky
66%
Shakhty
66%
Syktyvkar
66%
Velikiy Novgorod
66%
Norilsk
62%
Rybinsk
62%
Sterlitamak
62%
Volzhsky
62%
Yoshkar-Ola
62%
Angarsk
59%
Balashikha
59%
Blagoveshchensk
59%
Derbent
59%
Podolsk
59%
Stary Oskol
59%
Biysk
52%
Khimki
52%
Kyzyl
52%
Maykop
52%
Nizhnekamsk
52%
Volgodonsk
52%
Abakan
48%
Cherkessk
48%
Pyatigorsk
48%
Kolomna
45%
Krasnogorsk
45%
Lyubertsy
45%
Nazran
45%
Nizhnevartovsk
45%
Severodvinsk
45%
Syzran
45%
Zlatoust
45%
Balakovo
41%
Novocherkassk
41%
Novomoskovsk
41%
Novocheboksarsk
38%
Almetyevsk
34%
Dimitrovgrad
34%
Korolyov
34%
Mytishchi
34%
Neftekamsk
34%
Prokopyevsk
34%
Domodedovo
31%
Nakhodka
31%
Oktyabrsky
31%
Salavat
31%
Ussuriysk
31%
Miass
28%
Obninsk
28%
Pushkino
28%
Rubtsovsk
28%
Berezniki
24%
Kamensk-Uralsky
24%
Kislovodsk
24%
Khasavyurt
21%
Kovrov
21%
Nefteyugansk
21%
Novy Urengoy
21%
Pervouralsk
21%
Serpukhov
21%
Bataysk
17%
Kaspiysk
17%
Orekhovo-Zuyevo
17%
Yessentuki
17%
Kopeysk
14%
Ramenskoye
14%
Dolgoprudny
10%
Nevinnomyssk
10%
Odintsovo
10%
Shchyolkovo
10%
Elektroskal
3%
No matching quizzes found
Score Distribution
Percent of People with Each Score
Percentile by Number Answered
Your Score History
You have not taken this quiz